书目信息 |
| 题名: |
日语概论
|
|
| 作者: | 翟东娜 , 潘钧 著 | |
| 分册: | ||
| 出版信息: | 北京 高等教育出版社 2009.07 |
|
| 页数: | 302页 | |
| 开本: | 24cm | |
| 丛书名: | ||
| 单 册: | ||
| 中图分类: | H36 | |
| 科图分类: | ||
| 主题词: | 日语 | |
| 电子资源: | ||
| ISBN: | 978-7-04-022918-9 | |
| 000 | 00849 nam 000253 | |
| 001 | 0100009975 | |
| 005 | 20100803161303.38 | |
| 010 | @a978-7-04-022918-9@dCNY35.00 | |
| 100 | @a20100730d1997 em y0chiy0121 ea | |
| 101 | @achi | |
| 102 | @aCN@b110000 | |
| 105 | @ay z 000yy | |
| 200 | 10 | @a日语概论@Ari yu gai lun@f翟东娜,潘钧著@Fdi dong na pan jun zhu |
| 210 | @a北京@c高等教育出版社@d2009.07 | |
| 215 | @a302页@d24cm | |
| 330 | @a本教材在《日语语言学》的基础上修订改编而成,并与课程名称协调,改为《日语概论》。内容包括《日语语言学》上篇的七章。每章由概述、正文、小知识、练习题、参考文献构成。书后附有练习题参考答案。 | |
| 540 | @a日语概论 | |
| 606 | @a日语 | |
| 690 | @aH36@v4 | |
| 701 | 0 | @a翟东娜@Adi dong na@4著 |
| 701 | 1 | @a潘钧@Apan jun@4著 |
| 801 | @aCN@bDYGS@c20100803 | |
| 901 | @a210902 | |
| 905 | @b970652-4@dH36@eZ046@f3 | |
| 日语概论/翟东娜,潘钧著.-北京:高等教育出版社,2009.07 |
| 302页;24cm |
| ISBN 978-7-04-022918-9:CNY35.00 |
| 本教材在《日语语言学》的基础上修订改编而成,并与课程名称协调,改为《日语概论》。内容包括《日语语言学》上篇的七章。每章由概述、正文、小知识、练习题、参考文献构成。书后附有练习题参考答案。 |
| ● |
| 相关链接 |
|
|
|
正题名:日语概论
索取号:H36/Z046
 
预约/预借
| 序号 | 登录号 | 条形码 | 馆藏地/架位号 | 状态 | 备注 |
| 1 | 970652 | 209706521 | 语言库209/209语言库 125排1列5层/ [索取号:H36/Z046] | 在馆 | |
| 2 | 970653 | 209706530 | 语言库209/209语言库 125排1列5层/ [索取号:H36/Z046] | 在馆 | |
| 3 | 970654 | 209706549 | 社科二线400B/400B社科库 9排3列1层/ [索取号:H36/Z046] | 在馆 |